000 00672nam a2200253Ia 4500
003 OSt
005 20220912151756.0
006 a|||||r|||| 00| 0
007 ta
008 220909b |||||||| |||| 00| 0 eng d
024 _a59081
037 _cTextual
040 _aCSL
_beng
_cCSL
041 _aeng
082 _aB2893P0D65:8(B), K3
100 _aOrganick Elliatt I
245 0 _aFortran primer
260 _aReading
_bAddison-Wesley
_c1963
300 _a186p.
_ccm.
500 _aAppendix 169-175p.
_ccm.
650 _aLinear programming
942 _hB2893P0D65:8(B), K3
_cTEXL
_2CC
999 _c75066
_d75066